Catálogo

HOMBRE Y ROBOT (Registro nro. 54756)

Detalles MARC
000 -LEADER
fixed length control field 00937nam a2200205 a 4500
001 - CONTROL NUMBER
control field 54756
005 - DATE AND TIME OF LATEST TRANSACTION
control field 20180714045748.0
008 - FIXED-LENGTH DATA ELEMENTS--GENERAL INFORMATION
fixed length control field 140415s1985 sp 000 0 spa d
020 ## - INTERNATIONAL STANDARD BOOK NUMBER
International Standard Book Number 8422012103
041 ## - LANGUAGE CODE
Language code of text/sound track or separate title spa
082 ## - DEWEY DECIMAL CLASSIFICATION NUMBER
Classification number 128
Item number CRU
100 1# - MAIN ENTRY--PERSONAL NAME
Personal name CRUZ HERNANDEZ, MIGUEL
245 10 - TITLE STATEMENT
Title HOMBRE Y ROBOT
250 ## - EDITION STATEMENT
Edition statement 1a ed.
260 ## - PUBLICATION, DISTRIBUTION, ETC.
Place of publication, distribution, etc. ESPAÑA :
Name of publisher, distributor, etc. BIBLIOTECA DE AUTORES CRISTIANOS DE EDICA,
Date of publication, distribution, etc. 1985
300 ## - PHYSICAL DESCRIPTION
Extent 135
Dimensions 12 x 0.4 x 18.4
490 ## - SERIES STATEMENT
Series statement COLECCION PARA EDUCADORES
520 ## - SUMMARY, ETC.
Summary, etc. EL DESARROLLO DE LA INDUSTRIA Y DE LOS DIVERSOS SECTORES RELACIONADOS CON ELLA-HASTA LAS MAS MODERNAS TECNOLOGIAS DE LA ELECTRONICA, ESPECIALMENTE EN EL TERRENO DE LA MINIATURIZACION, DE LA INFORMATICA, DE LA TELEMATICA Y OTROS- INDICA EL PAPEL DE PRIMERISIMA IMPORTANCIA QUE ADQUIERE, EN LA INTERACCION ENTRE EL SUJETO Y OBJETO DEL TRABAJO ( EN EL SENTIDO MAS AMPLIO DE ESTA PALABRA)
650 14 - SUBJECT ADDED ENTRY--TOPICAL TERM
Topical term or geographic name entry element ANTROPOLOGIA FILOSOFICA
Existencias
Withdrawn status Lost status Source of classification or shelving scheme Damaged status Not for loan Collection code Home library Current library Shelving location Date acquired Source of acquisition Inventory number Total Checkouts Full call number Barcode Date last seen Price effective from Koha item type
    Dewey Decimal Classification     General Centro de Estudios en Ciencia y Religión Centro de Estudios en Ciencia y Religión Sala general 03/12/2013 Compra 151000000000000000078017   128 CRU 82059 05/01/2026 20/11/2015 Libro